000 00374nam a2200133Ia 4500
008 220217s9999||||xx |||||||||||||| ||und||
020 _a978-81-203-2683-5
082 _a621.381 32 PED
100 _aPedroni, Volnei, A
245 0 _aCircuite design with VHDL
260 _aPrentice hall of india private Ltd.
_bNew Delhi
_c2008
300 _b350
650 _aCIRCUITRY
999 _c176943
_d176943